000 00702nam a2200217Ii 4500
003 JO-AjNU
008 230605s9999||||xx |||||||||||||| ||und||
017 _a1986/4/386
040 _aJO-AjNU
_bara
_erda
_cJO-AjNU
041 _aara
050 1 4 _aPJ7860.R55 1986
100 3 _aالريماوي، محمد,
_eauthor
_912980
245 0 0 _aمزامير لفلسطين
250 _aط1
264 3 1 _aدمشق: دار طلاس للدراسات والترجمة والنشر، 1986
300 _a243ص
336 _atext
_btxt
_2rdacontent
337 _aunmediated
_bn
_2rdamedia
338 _avolume
_bnc
_2rdacarrier
650 4 _aالشعر العربي - الشعر الحديث - فلسطين
_912981
999 _aA3111
_c6679
_d6679